00526nam a2200157Ia 4500008004100000082001800041100001700059245004100076260005900117300000800176546000900184650005800193942000700251999001500258952009500273230312s9999||||xx |||||||||||||| ||und|| a370.1523bAHM aSaghir Ahmad 0aHow to become a Professional Teacher bLITE (Learning Institute of Training & EaLahorec2006 a226 aEng. aManagementvWho is the Professional? Pedagogy & Sills cBK c1923d1923 00102ddc4070aSIRCbSIRCd2023-03-13l0o370.1523 AHMp1933r2023-03-13w2023-03-13yBK